000 00226nam a2200097Ia 4500
008 190216s9999||||xx |||||||||||||| ||und||
100 _aEkambara Nath Ayyer
245 0 _aManual Of Zoology
260 _bKerala Shaka
942 _cBK
999 _c37331
_d37331